Statistics for Stardew Valley - Produce by Picture #1

Click here to take the quiz!

General Stats

  • This quiz has been taken 272 times
  • The average score is 16 of 20

Answer Stats

Answer% Correct
Strawberry
98%
Honey
97%
Cheese
95%
Orange
95%
Melon
93%
Cloth
91%
Blackberry
89%
Dinosaur Egg
88%
Green Bean
87%
Ancient Fruit
86%
Kale
86%
Tulip
86%
Oil
85%
Artichoke
76%
Fairy Rose
71%
Mead
68%
Juice
66%
Blue Jazz
60%
Chanterelle
55%
Aged Roe
44%

Score Distribution

Percentile by Number Answered

Percent of People with Each Score

Your Score History

You have not taken this quiz